Entrepreneurial Marketing : Global Perspectives (Record no. 26007)

MARC details
000 -LEADER
fixed length control field 00457nam a22001817a 4500
005 - DATE AND TIME OF LATEST TRANSACTION
control field 20230714145640.0
008 - FIXED-LENGTH DATA ELEMENTS--GENERAL INFORMATION
fixed length control field 230714b |||||||| |||| 00| 0 eng d
020 ## - INTERNATIONAL STANDARD BOOK NUMBER
ISBN 9781781907863
082 ## - DEWEY DECIMAL CLASSIFICATION NUMBER
Classification number 658.8
Item number ENT
100 ## - MAIN ENTRY--AUTHOR
Author Name Zubin;Sethna
245 ## - TITLE STATEMENT
Title Entrepreneurial Marketing : Global Perspectives
260 ## - PUBLICATION, DISTRIBUTION, ETC.
Place of Publication UK
Name of publisher, distributor, etc. Emerald
Date of publication, distribution, etc. 2013
300 ## - PHYSICAL DESCRIPTION
Pages 297
500 ## - GENERAL NOTE
General note Include About the Authors
650 ## - SUBJECT ADDED ENTRY--TOPICAL TERM
Subject / Department Marketing
700 ## - ADDED ENTRY--PERSONAL NAME
Personal name Zubin;Sethna
952 ## - LOCATION AND ITEM INFORMATION (KOHA)
-- 0
-- 0
Holdings
Lost status Damaged status Permanent Location Current Location Shelving Location Date acquired Full Call Number Accession No./Barcode Date last seen item type
    Superior Information Resource Center (SIRC) Superior University- Main Campus Superior Information Resource Center (SIRC) Superior University- Main Campus Marketing 07/14/2023 658.8 ENT 2013 20084 07/14/2023 BOOK

Powered by Koha